[Event "SRB-chT2 East"]
[Site "Serbia"]
[Date "2018.09.09"]
[Round "4.13"]
[White "Gajovic, Dragan"]
[Black "Ivic, Matija"]
[Result "0-1"]
[WhiteElo "2140"]
[BlackElo "2246"]
[PlyCount "86"]
[EventDate "2018.09.07"]
[EventType "team-tourn"]
[EventRounds "11"]
[EventCountry "SRB"]
[SourceTitle "EXT 2021"]
[Source "ChessBase"]
[SourceDate "2020.10.23"]
[SourceVersion "1"]
[SourceVersionDate "2020.10.23"]
[SourceQuality "1"]
[WhiteTeam "Cuprija Radnicki"]
[BlackTeam "Jagodina Kablovi"]
[WhiteTeamCountry "SRB"]
[BlackTeamCountry "SRB"]

1. b3 c5 2. Bb2 Nf6 3. Nf3 Nc6 4. c4 d5 5. cxd5 Nxd5 6. g3 f6 7. Nc3 Nc7 8. Bg2 e5 9. 0-0 Be6 10. Rc1 Qd7 11. Na4 Na6 12. Ba3 b6 13. d4 e4 14. Nd2 f5 15. Nxe4 fxe4 16. Bxe4 Rd8 17. e3 Ncb4 18. Bxb4 Nxb4 19. a3 Na6 20. Qe2 Bxb3 21. Nc3 Nc7 22. Qf3 Qf7 23. Bc6+ Ke7 24. Qe4+ Qe6 25. Qg2 g6 26. dxc5 bxc5 27. Na4 Bxa4 28. Bxa4 Kf6 29. Qb7 Bd6 30. Bb3 Rb8 31. Qxb8 Rxb8 32. Bxe6 Kxe6 33. Rb1 Rb6 34. Rfc1 Kd5 35. Kf1 c4 36. e4+ Kc5 37. f4 Rxb1 38. Rxb1 c3 39. e5 Be7 40. Ke2 Nb5 41. Kd3 c2 42. Ra1 Nd4 43. Rf1 Kd5 0-1

[Event "SRB-chT2 East"]
[Site "Serbia"]
[Date "2017.09.09"]
[Round "2.6"]
[White "Miljkovic, Mihajlo"]
[Black "Gajovic, Dragan"]
[Result "1/2-1/2"]
[WhiteElo "2267"]
[BlackElo "2141"]
[PlyCount "58"]
[EventDate "2017.09.08"]
[EventType "team-tourn"]
[EventRounds "11"]
[EventCountry "SRB"]
[SourceTitle "EXT 2022"]
[Source "ChessBase"]
[SourceDate "2021.10.06"]
[SourceVersion "1"]
[SourceVersionDate "2021.10.06"]
[SourceQuality "1"]

1. d4 d6 2. c4 e5 3. Nf3 Nd7 4. Nc3 Ngf6 5. Bg5 Be7 6. e3 c6 7. Qc2 Nh5 8. Bxe7 Qxe7 9. Be2 Nhf6 10. 0-0 0-0 11. b4 Re8 12. Rfd1 Nf8 13. dxe5 dxe5 14. c5 Bg4 15. Nd2 h5 16. h3 Be6 17. Bc4 Nd5 18. Qb3 Nxc3 19. Qxc3 Bf5 20. Be2 e4 21. Nf1 Qg5 22. Kh2 Re6 23. Rd6 Rxd6 24. cxd6 Rd8 25. Rd1 Be6 26. Ng3 Bd5 27. Bxh5 Rxd6 28. Bg4 Rf6 29. Kg1 Qh4 1/2-1/2

[Event "SRB-chT3 East"]
[Site "Serbia"]
[Date "2015.10.16"]
[Round "7.61"]
[White "Tosic, Branislav"]
[Black "Gajovic, Dragan"]
[Result "1/2-1/2"]
[WhiteElo "2223"]
[BlackElo "2164"]
[PlyCount "28"]
[EventDate "2015.09.06"]
[EventType "team-tourn"]
[EventRounds "11"]
[EventCountry "SRB"]
[SourceTitle "EXT 2022"]
[Source "ChessBase"]
[SourceDate "2021.10.06"]
[SourceVersion "1"]
[SourceVersionDate "2021.10.06"]
[SourceQuality "1"]

1. e4 Nf6 2. e5 Nd5 3. d4 d6 4. c4 Nb6 5. exd6 cxd6 6. Nc3 g6 7. Be3 Bg7 8. h3 0-0 9. Nf3 Nc6 10. Be2 e5 11. dxe5 dxe5 12. 0-0 Be6 13. Qxd8 Raxd8 14. Bxb6 axb6 1/2-1/2

[Event "SRB-chT3 East"]
[Site "Pozarevac"]
[Date "2014.10.04"]
[Round "5.12"]
[White "Cabarkapa, Novak"]
[Black "Gajovic, Dragan"]
[Result "1-0"]
[WhiteElo "2379"]
[BlackElo "2178"]
[PlyCount "95"]
[EventDate "2014.10.02"]
[EventType "team-swiss"]
[EventRounds "6"]
[EventCountry "SRB"]
[SourceTitle "EXT 2022"]
[Source "ChessBase"]
[SourceDate "2021.10.06"]
[SourceVersion "1"]
[SourceVersionDate "2021.10.06"]
[SourceQuality "1"]

1. e4 d6 2. d4 e5 3. dxe5 dxe5 4. Qxd8+ Kxd8 5. f4 Nf6 6. Bd3 Nc6 7. Nf3 Bc5 8. fxe5 Ng4 9. Bg5+ Ke8 10. Bf4 Be3 11. g3 Nd4 12. Nbd2 Bf2+ 13. Kf1 Nxf3 14. Nxf3 Bb6 15. Ke2 Nf2 16. Rhf1 Nh3 17. a4 Bg4 18. a5 Bc5 19. a6 c6 20. axb7 Rb8 21. Ba6 Ke7 22. Be3 Bb6 23. Ra3 Bxe3 24. Kxe3 Bxf3 25. Rxf3 Ng5 26. Rf1 Ne6 27. Rc3 Nd8 28. Rb3 h5 29. Bc4 h4 30. Ra1 hxg3 31. hxg3 Rh3 32. Kf3 Rh2 33. Rxa7 Rxc2 34. Bd3 Rd2 35. Ke3 Rg2 36. Ra8 Rxb7 37. Rxb7+ Nxb7 38. Ra7 Rxb2 39. Ba6 Rb3+ 40. Kf4 g5+ 41. Kxg5 Rxg3+ 42. Kf4 Rc3 43. Rxb7+ Kf8 44. Rc7 Rc1 45. Bb7 Rf1+ 46. Ke3 Re1+ 47. Kf3 Kg7 48. e6 1-0

[Event "SRB-chT3 East"]
[Site "Pozarevac"]
[Date "2014.10.04"]
[Round "4.42"]
[White "Mitrovic, Darko A"]
[Black "Gajovic, Dragan"]
[Result "0-1"]
[WhiteElo "2115"]
[BlackElo "2178"]
[PlyCount "140"]
[EventDate "2014.10.02"]
[EventType "team-swiss"]
[EventRounds "6"]
[EventCountry "SRB"]
[SourceTitle "EXT 2022"]
[Source "ChessBase"]
[SourceDate "2021.10.06"]
[SourceVersion "1"]
[SourceVersionDate "2021.10.06"]
[SourceQuality "1"]

1. e4 Nf6 2. e5 Nd5 3. d4 d6 4. Nf3 g6 5. Be2 Bg7 6. 0-0 0-0 7. c4 Nb6 8. Nc3 dxe5 9. Nxe5 N8d7 10. Nxd7 Nxd7 11. Be3 c6 12. Rc1 Qc7 13. Qb3 e5 14. d5 Re8 15. Rfd1 e4 16. c5 Qe5 17. Bc4 Qf5 18. Ne2 Ne5 19. Ng3 Qg4 20. Be2 Qh4 21. Bd4 Bg4 22. Bxe5 Bxe2 23. Nxe2 Bxe5 24. g3 Qg4 25. Qe3 cxd5 26. Rxd5 Bxb2 27. Rb1 Bf6 28. Rxb7 Rad8 29. Rxd8 Rxd8 30. Rb1 Qe6 31. Qb3 Qc6 32. Rc1 Bg5 33. Rd1 Rxd1+ 34. Qxd1 Qxc5 35. Qb1 Qc4 36. Qb8+ Kg7 37. Nf4 Qxa2 38. Qe5+ Bf6 39. Qxe4 a5 40. Nd5 Qa1+ 41. Kg2 Be5 42. Nb6 Qd4 43. Qc6 Qb4 44. Na4 Bd4 45. Qc2 Qb7+ 46. Kg1 Qf3 47. Nb2 h5 48. Nc4 a4 49. Qa2 Qb3 50. Qxb3 axb3 51. Kf1 Kf6 52. f3 Ke6 53. Ke2 b2 54. Nd2 Kd5 55. Kd3 f5 56. h3 Be5 57. g4 Bf4 58. Nb1 fxg4 59. fxg4 Ke5 60. gxh5 g5 61. h6 Kf6 62. Ke4 Bd6 63. Kf3 Kg6 64. Kg4 Be7 65. h4 gxh4 66. h7 Kxh7 67. Nd2 Kg6 68. Nb1 Kf7 69. Kh3 Ke6 70. Kg4 Kd5 0-1

[Event "SRB Central-ch op-A 4th"]
[Site "Paracin"]
[Date "2011.07.11"]
[Round "4"]
[White "Kislik, Erik Andrew"]
[Black "Gajovic, Dragan"]
[Result "1-0"]
[WhiteElo "2328"]
[BlackElo "2121"]
[PlyCount "93"]
[EventDate "2011.07.08"]
[EventType "swiss"]
[EventRounds "9"]
[EventCountry "SRB"]
[SourceTitle "CBM 143 Extra"]
[Source "ChessBase"]
[SourceDate "2011.08.29"]
[SourceVersion "1"]
[SourceVersionDate "2011.08.29"]
[SourceQuality "1"]

1. e4 d6 2. d4 e5 3. Nf3 exd4 4. Nxd4 Nf6 5. Nc3 g6 6. Bg5 Bg7 7. Qd2 h6 8. Bf4 g5 9. Bg3 Nh5 10. 0-0-0 Nc6 11. Nf5 Bxc3 12. Qxc3 Qf6 13. Qxf6 Nxf6 14. f3 Bxf5 15. exf5 0-0-0 16. Be1 Rhe8 17. Bc3 Ne5 18. h4 g4 19. f4 Ned7 20. h5 Ne4 21. Be1 Ndf6 22. b4 d5 23. c3 c6 24. Kc2 b5 25. Bd3 Kb7 26. Bh4 Ra8 27. Rhe1 Kc7 28. Re3 Nxh5 29. Bxe4 Rxe4 30. Rxe4 dxe4 31. Rd4 Re8 32. f6 Re6 33. g3 e3 34. Kd1 Nxf6 35. f5 Re5 36. Bxf6 Rxf5 37. Rf4 Rxf4 38. Be5+ Kd7 39. Bxf4 h5 40. Ke2 Ke6 41. Kxe3 Kd5 42. Kd3 a6 43. Bb8 f6 44. Bf4 c5 45. a3 f5 46. Bb8 f4 47. Bxf4 1-0

[Event "SRB Central-ch op-A 4th"]
[Site "Paracin"]
[Date "2011.07.09"]
[Round "3"]
[White "Gajovic, Dragan"]
[Black "Savicevic, Vlatko"]
[Result "1/2-1/2"]
[WhiteElo "2121"]
[BlackElo "2334"]
[PlyCount "55"]
[EventDate "2011.07.08"]
[EventType "swiss"]
[EventRounds "9"]
[EventCountry "SRB"]
[SourceTitle "CBM 143 Extra"]
[Source "ChessBase"]
[SourceDate "2011.08.29"]
[SourceVersion "1"]
[SourceVersionDate "2011.08.29"]
[SourceQuality "1"]

1. Nf3 Nf6 2. g3 e6 3. Bg2 d5 4. 0-0 Be7 5. b3 b6 6. c4 Bb7 7. cxd5 exd5 8. d4 0-0 9. Ba3 Bxa3 10. Nxa3 Nbd7 11. Rc1 c6 12. Nc2 Re8 13. Nb4 c5 14. Nd3 Qe7 15. Re1 Rac8 16. e3 Ne4 17. Bh3 Rc7 18. Re2 Ndf6 19. Rec2 Bc8 20. Bg2 Bf5 21. Nfe5 Rec8 22. g4 Be6 23. f3 Nd6 24. dxc5 bxc5 25. Rxc5 Rxc5 26. Rxc5 Rxc5 27. Nxc5 Bxg4 28. Qd4 1/2-1/2

[Event "SRB Central-ch op-A 4th"]
[Site "Paracin"]
[Date "2011.07.08"]
[Round "1"]
[White "Pantelic, Sasa"]
[Black "Gajovic, Dragan"]
[Result "0-1"]
[WhiteElo "2364"]
[BlackElo "2121"]
[PlyCount "64"]
[EventDate "2011.07.08"]
[EventType "swiss"]
[EventRounds "9"]
[EventCountry "SRB"]
[SourceTitle "CBM 143 Extra"]
[Source "ChessBase"]
[SourceDate "2011.08.29"]
[SourceVersion "1"]
[SourceVersionDate "2011.08.29"]
[SourceQuality "1"]

1. d4 d6 2. c4 e5 3. Nf3 e4 4. Ng5 Nf6 5. Nc3 Bf5 6. Qc2 h6 7. Ngxe4 Nxe4 8. Nxe4 d5 9. Nd6+ Bxd6 10. Qxf5 Bb4+ 11. Bd2 Bxd2+ 12. Kxd2 0-0 13. e3 c5 14. Bd3 g6 15. Qxd5 Qf6 16. Ke2 Nc6 17. Qxc5 Rfe8 18. Rhd1 Qh4 19. Qd6 Rad8 20. Qg3 Qxd4 21. b3 Qb2+ 22. Kf1 Rxd3 23. Rdb1 Qf6 24. Qf3 Qe5 25. g3 Re6 26. Qf4 Qh5 27. g4 Qa5 28. Rd1 Red6 29. Rxd3 Rxd3 30. Qxh6 Qe5 31. Re1 Rd2 32. a3 Qe4 0-1

[Event "Paracin-ch"]
[Site "Paracin"]
[Date "2011.01.30"]
[Round "4"]
[White "Cvetanovic, Uros"]
[Black "Gajovic, Dragan"]
[Result "1-0"]
[WhiteElo "2224"]
[BlackElo "2089"]
[PlyCount "45"]
[EventDate "2011.01.28"]
[EventType "swiss"]
[EventRounds "7"]
[EventCountry "SRB"]
[SourceTitle "CBM 140 Extra"]
[Source "ChessBase"]
[SourceDate "2011.03.01"]
[SourceVersion "1"]
[SourceVersionDate "2011.03.01"]
[SourceQuality "1"]

1. e4 d6 2. d4 Nf6 3. Nc3 g6 4. f4 Bg7 5. Nf3 0-0 6. Be3 c6 7. e5 Nd5 8. Nxd5 cxd5 9. Bd3 Nc6 10. c3 Rb8 11. h4 Bg4 12. h5 dxe5 13. fxe5 f5 14. hxg6 hxg6 15. Qd2 Bxf3 16. gxf3 Kf7 17. Rh7 Rh8 18. e6+ Kg8 19. Rxh8+ Bxh8 20. Qg2 Qf8 21. Qxg6+ Qg7 22. Qxf5 Rf8 23. Qh5 1-0

[Event "Paracin-ch"]
[Site "Paracin"]
[Date "2011.01.29"]
[Round "3"]
[White "Gajovic, Dragan"]
[Black "Popovic, Djordje D"]
[Result "1-0"]
[WhiteElo "2089"]
[BlackElo "2255"]
[PlyCount "69"]
[EventDate "2011.01.28"]
[EventType "swiss"]
[EventRounds "7"]
[EventCountry "SRB"]
[SourceTitle "CBM 140 Extra"]
[Source "ChessBase"]
[SourceDate "2011.03.01"]
[SourceVersion "1"]
[SourceVersionDate "2011.03.01"]
[SourceQuality "1"]

1. Nf3 c5 2. g3 g6 3. Bg2 Bg7 4. 0-0 Nc6 5. c4 Nf6 6. Nc3 d6 7. d4 cxd4 8. Nxd4 Bd7 9. b3 0-0 10. Bb2 Qa5 11. e4 Bg4 12. Nde2 Rfe8 13. f3 Bd7 14. Kh1 Rac8 15. Qd2 a6 16. g4 h6 17. h3 Nb8 18. a3 Bc6 19. b4 Qd8 20. f4 b6 21. Nd5 Nbd7 22. e5 Nxd5 23. cxd5 Bb5 24. e6 Nf6 25. g5 Nh5 26. exf7+ Kxf7 27. Nd4 Bxf1 28. Bxf1 Bxd4 29. Qxd4 hxg5 30. Bd3 gxf4 31. Bxg6+ Kxg6 32. Qe4+ Kh6 33. Bg7+ Nxg7 34. Rg1 Nf5 35. Qxf4+ 1-0